000 00350nam a22001457a 4500
003 SGT
020 _a9780976995302
082 _a616.12
_bH08E
100 _aENAS, A. ENAS
245 _aHOW TO BEAT THE HEART DISEASEEPIDEMIC AMONG SOUTH ASIANS
260 _aINDIA
_bLIPPINCOTT PUB
_c2008
300 _a356
650 _aCARDIOLOGY
942 _2ddc
_cBK
999 _c21781
_d21781